Finančná flexibilnosť ako dôležitý predpoklad udržania finančnej stability podnikateľského subjektu habilitačná prednáška : odbor habilitovania: Financie bankovníctvo a investovanie

Bibliographic Details
Main Author: Mikócziová, Jana (Author)
Format: Book
Language:Slovak
PhysicalDescription:41 s. 21 cm
Published: Bratislava Ekonomická univerzita 2010
ISBN:9788022531153
Edition:[1. vyd.]
Series:Habilitačné a inauguračné prednášky
Subjects:

MARC

LEADER 00000nam a22000005a 4500
001 vtls010273247
003 SK-MaSNL
005 20260302082047.0
008 240315s2010 xo 000 0 slo
015 |a SNBA2011/07-03918 
020 |a 9788022531153  |q (brož.) 
035 |a 650D62A8-082D-4517-B338-04A7AAEFA33F 
035 |a urn:nbn:sk:snk-amjhnv 
035 |a urn:nbn:sk:snk-am001y2s 
040 |a SNK  |b slo  |c SNK  |e AACR2 
041 0 |a slo 
044 |a xo  |c SK 
072 7 |a 336.7  |x Financie  |2 konspekt 
080 |a 336  |2 2001 
080 |a 336.71  |2 2001 
080 |a 658.14  |2 2001 
080 |a 658.14/.17  |2 2001 
080 |a (043.5)  |2 2001 
100 1 |a Mikócziová, Jana  |4 aut  |9 21488 
245 1 0 |a Finančná flexibilnosť ako dôležitý predpoklad udržania finančnej stability podnikateľského subjektu  |b habilitačná prednáška : odbor habilitovania: Financie bankovníctvo a investovanie  |c Jana Mikócziová 
250 |a [1. vyd.] 
260 |a Bratislava  |b Ekonomická univerzita  |c 2010 
300 |a 41 s.  |c 21 cm 
490 1 |a Habilitačné a inauguračné prednášky 
504 |a Bibliogr. s. 27-41 
650 0 7 |a financie  |2 SNKPH  |9 2205 
650 0 7 |a bankovníctvo  |2 SNKPH  |9 2101 
650 0 7 |a kapitálová štruktúra  |2 SNKPH  |9 101261 
650 0 7 |a Finance  |2 SNKPHeng  |9 265496 
650 0 7 |a Banking  |2 SNKPHeng  |9 265497 
650 0 7 |a Capital structure  |2 SNPHeng  |9 355697 
650 0 7 |a podnikové financie  |2 SNKPH  |9 4308 
650 0 7 |a Business finance  |2 SNKPHeng  |9 302700 
655 7 |a Habilitation theses  |2 SNKPHeng  |9 316692 
655 7 |a habilitačné práce  |2 SNKPH  |9 70777 
810 2 |a Ekonomická univerzita v Bratislave  |t Habilitačné a inauguračné prednášky  |9 337449 
830 0 |a Habilitačné a inauguračné prednášky  |9 317387 
919 |a 978-80-225-3115-3 
958 |a OND 
958 |a NB 
968 |d 33 
999 |c 1178821  |d 1180751 
952 |a SNK  |b SNK  |y PREZ  |7 0  |p 17A0701348  |o snkSC 145128  |i snk2011/9325  |8 0  |0 0  |1 0  |4 0  |d 2011-04-21  |l 0  |r 2025-07-14 00:00:00  |w 2026-02-24 
952 |a SNK  |b SNK  |y VYP  |7 0  |p 17A0701349  |o snkSC 145128 D1  |i snk2011/9326  |8 0  |0 0  |1 0  |4 0  |d 2011-04-21  |l 0  |r 2026-02-24 21:30:20  |w 2026-02-24